Religious Radicalism (Record no. 23474)
[ view plain ]
| 000 -LEADER | |
|---|---|
| fixed length control field | 00738nam a2200121Ia 4500 |
| 008 - FIXED-LENGTH DATA ELEMENTS--GENERAL INFORMATION | |
| fixed length control field | 220620s9999||||xx |||||||||||||| ||und|| |
| 245 #0 - TITLE STATEMENT | |
| Title | Religious Radicalism |
| Remainder of title | Demarcations and Challenges |
| 546 ## - LANGUAGE NOTE | |
| Language note | English[eng] |
| 650 ## - SUBJECT ADDED ENTRY--TOPICAL TERM | |
| Topical term or geographic name entry element | Religious; radicalism; polarisation; religion;politics and government; social life; social aspects of religion; religion: general; sociology & anthropology |
| 700 ## - ADDED ENTRY--PERSONAL NAME | |
| Personal name | Baron, Eugene||Beyer, Jaco||Hasanov, Ravan||Kitanovic, Elizabeta||Knop, Arjan||McDonald, Jack||Meylahn, Johann||Van Reeht, Jan M.F.||Parlevliet, Leendert-Jan||De Prenter, Jannica||Sinnaghel, Harry J.Temmerman, Johan |
| 856 ## - ELECTRONIC LOCATION AND ACCESS | |
| Uniform Resource Identifier | <a href="https://library.oapen.org/bitstream/20.500.12657/48468/1/Religious%20radicalism_OPEN_ACCESS.pdf">https://library.oapen.org/bitstream/20.500.12657/48468/1/Religious%20radicalism_OPEN_ACCESS.pdf</a> |
| 942 ## - ADDED ENTRY ELEMENTS (KOHA) | |
| Koha item type | E-Books |
| Withdrawn status | Lost status | Damaged status | Not for loan | Home library | Current library | Date acquired | Total Checkouts | Date last seen | Price effective from | Koha item type |
|---|---|---|---|---|---|---|---|---|---|---|
| Kerala University of Digital Sciences, Innovation and Technology Knowledge Centre | Kerala University of Digital Sciences, Innovation and Technology Knowledge Centre | 20/06/2022 | 20/06/2022 | 20/06/2022 | E-Books |